000 01104nam a2200241 a 4500
001 BRCA_782
005 20190320203140.0
008 261005s1998----ja-a---###---#000-0#jpn-d
020 _a4924989118
050 4 _aHE859
_b.H57 1998
245 1 0 _aThe History of Cultural Exchange Between East and West in the 16th and 17th Century
_bthe Galleon trade & the V.O.C. : A Special Exibition.
260 _a[Japón]
_b[Museo del Tabaco y Sal] : [Archivo General de Indias]
_c1998
300 _a269 p.
_bil. a color, mapas
_c30 cm.
500 _aCatálogo de la exposición realizada en el Museo del Tabaco y Sal (Japón), 10 octubre - 29 noviembre, 1998
500 _aIncluye piezas de la colección Franz Mayer: p. 111, 113-114, 124-126, 128, 132-133, 135 y 137
500 _a2do. ejemplar en el Área de Investigación
546 _aTexto en : japonés e inglés
650 1 4 _aGaleones
_xHistoria
_ySiglo XVI-XVII
_92603
650 1 4 _aGaleón de Manila (Barco)
_92604
650 1 4 _aNavegación
_xHistoria
_ySiglos XVI-XVII
_92605
650 1 4 _aArtes decorativas
_xComercio
_zSiglo XVI-XVII
_92606
942 _2lcc
_cB
999 _c679
_d679